Software tools in business : WordPerfect 4.2,5.0,5.1 :
| Main Author: | |
|---|---|
| Format: | Book |
| Published: |
New York :
Mitchell McGraw-Hill ,
1991
|
| Subjects: |
MARC
| LEADER | 00000cam a2200000 7i4500 | ||
|---|---|---|---|
| 001 | 0000005095 | ||
| 002 | 000005499 | ||
| 005 | 20000330.0 | ||
| 020 | |a 0070651876 | ||
| 090 | 0 | 0 | |a 651.8 |b TRA |
| 100 | 1 | |a Trainor, Timothy | |
| 245 | 1 | 0 | |a Software tools in business : |b WordPerfect 4.2,5.0,5.1 : |b Lotus 1-2-3,Release 2.01,2.2 : |b dBase 111 Plus |c Timothy Trainor |
| 260 | |a New York : |b Mitchell McGraw-Hill , |c 1991 | ||
| 300 | |a p.v ; |c 25cm. | ||
| 650 | 0 | 0 | |a Application software |
| 999 | |a 037595 |b BUKU |c PINJAMAN |e PERPUSTAKAAN KOMUNITI PETALING JAYA | ||